[Event "AUTO-ELITE-1202"]
[Site "http://www.queenalice.com/game.php?id=1215071"]
[Date "2013.9.7"]
[Round "1"]
[White "jujajo11"]
[Black "Chandra"]
[Result "1/2-1/2"]
[WhiteElo "2212"]
[BlackElo "2616"]

1. Nf3 d5 2. d4 Nc6 3. c4 e6 4. Nc3 Be7 5. cxd5 exd5 6. g3 Nf6 7. Bg2 O-O 8. O-O
Ne4 9. Nxe4 dxe4 10. Ne5 Nxd4 11. Bxe4 Bf6 12. Nf3 Re8 13. Qd3 Nxf3+ 14. exf3
Qxd3 15. Bxd3 Be6 1/2-1/2

[Event "AUTO-ELITE-1202"]
[Site "http://www.queenalice.com/game.php?id=1215072"]
[Date "2013.9.7"]
[Round "1"]
[White "Chandra"]
[Black "jujajo11"]
[Result "1-0"]
[WhiteElo "2615"]
[BlackElo "2213"]

1. e4 c5 2. Nf3 d6 3. d4 cxd4 4. Nxd4 Nf6 5. Nc3 a6 6. Bg5 e6 7. Be2 Nbd7 8. O-O
Be7 9. Qd3 O-O 10. Qg3 Nh5 11. Bxe7 Nxg3 12. Bxd8 Rxd8 13. fxg3 1-0

[Event "AUTO-ELITE-1202"]
[Site "http://www.queenalice.com/game.php?id=1215077"]
[Date "2013.9.7"]
[Round "1"]
[White "Chandra"]
[Black "Zugswang"]
[Result "1-0"]
[WhiteElo "2609"]
[BlackElo "2215"]

1. d4 Nf6 2. c4 c5 3. d5 b5 4. cxb5 a6 5. e3 d6 6. Nc3 g6 7. Nf3 Bg7 8. e4 Nbd7
9. a4 O-O 10. Bd2 axb5 11. Bxb5 Ba6 12. Bxa6 Rxa6 13. O-O Qb6 14. Qe2 Ng4 15.
Ng5 h5 16. h3 Nh6 17. b3 Rfa8 18. Rab1 Bd4 19. Nb5 Bg7 20. Na3 R6a7 21. f4 c4+
22. Be3 Bd4 23. Nxc4 Bxe3+ 24. Nxe3 Nc5 25. Nc4 Qb4 26. f5 f6 27. fxg6 fxg5 28.
Qxh5 Nxe4 29. Rf7 Qc5+ 30. Kh2 Qd4 31. Qxh6 Qh8 32. Rh7 Qc3 33. Rf1 1-0

[Event "AUTO-ELITE-1202"]
[Site "http://www.queenalice.com/game.php?id=1215078"]
[Date "2013.9.7"]
[Round "1"]
[White "Zugswang"]
[Black "Chandra"]
[Result "0-1"]
[WhiteElo "2133"]
[BlackElo "2614"]

1. e4 c5 2. Nc3 Nc6 3. g3 Nf6 4. Bg2 e6 5. f4 d5 6. e5 Ng8 7. Nf3 Nh6 8. O-O Nf5
9. g4 Nfd4 10. Ne2 Nxf3+ 11. Bxf3 Bd7 12. Ng3 f6 13. Qe2 fxe5 14. fxe5 Qc7 15.
Re1 c4 16. d3 cxd3 17. cxd3 Bb4 18. Bd2 Nd4 19. Qd1 Bxd2 20. Rf1 Be3+ 21. Kg2
O-O 0-1

[Event "AUTO-ELITE-1202"]
[Site "http://www.queenalice.com/game.php?id=1221760"]
[Date "2013.10.3"]
[Round "2"]
[White "Fermats"]
[Black "Chandra"]
[Result "1/2-1/2"]
[WhiteElo "2497"]
[BlackElo "2606"]

1. d4 d5 2. c4 c6 3. Nf3 Nf6 4. e3 Bf5 5. Nc3 e6 6. Nh4 Bg4 7. Qb3 b6 8. h3 Bh5
9. cxd5 Nxd5 10. Nf3 Nxc3 11. Qxc3 a5 12. Qc2 Bb4+ 13. Bd2 Bxf3 14. gxf3 O-O 15.
f4 Bxd2+ 16. Qxd2 Qd6 1/2-1/2

[Event "AUTO-ELITE-1202"]
[Site "http://www.queenalice.com/game.php?id=1221761"]
[Date "2013.10.3"]
[Round "2"]
[White "Chandra"]
[Black "Fermats"]
[Result "1/2-1/2"]
[WhiteElo "2604"]
[BlackElo "2501"]

1. d4 d5 2. c4 e6 3. Nf3 Nf6 4. Nc3 Be7 5. Bf4 O-O 6. e3 Nc6 7. a3 Nh5 8. Be5 g6
9. Be2 a6 10. O-O dxc4 11. Bxc4 Nxe5 12. Nxe5 c5 13. Rc1 Ng7 14. dxc5 Qc7 15.
Nd3 b5 16. Ba2 Bb7 17. Qe2 Nf5 18. f3 Rfd8 1/2-1/2

[Event "sical-2"]
[Site "http://www.queenalice.com/game.php?id=1228830"]
[Date "2013.10.31"]
[Round "4"]
[White "plonius"]
[Black "Chandra"]
[Result "1-0"]
[WhiteElo "2776"]
[BlackElo "2602"]

1. d4 Nf6 2. c4 e6 3. Nc3 Bb4 4. e3 Bxc3+ 5. bxc3 O-O 6. Bd3 d6 7. Ne2 c5 8. e4
b6 9. f4 d5 10. cxd5 exd5 11. e5 Ne4 12. O-O Ba6 13. f5 Re8 14. f6 cxd4 15. cxd4
gxf6 16. Bxa6 Nxa6 17. Ng3 Nxg3 18. hxg3 Re6 19. Qg4+ Kh8 20. Qh4 Nb8 21. exf6
Nd7 22. Qh5 Qe8 23. Bh6 Nf8 24. Rf5 a5 25. Bg7+ Kg8 26. Rg5 Ng6 27. Qh6 1-0

[Event "sergiogvh-2"]
[Site "http://www.queenalice.com/game.php?id=1237461"]
[Date "2013.12.3"]
[Round "4"]
[White "Chandra"]
[Black "puddschini"]
[Result "1-0"]
[WhiteElo "2597"]
[BlackElo "2535"]

1. d4 d5 2. c4 e6 3. Nc3 Nf6 4. Bg5 Be7 5. Nf3 Nbd7 6. cxd5 exd5 7. e3 O-O 8.
Bd3 c6 9. O-O Re8 10. Qc2 Nf8 11. Ne5 N6d7 12. Bxe7 Qxe7 13. Nf3 Nf6 14. Rfe1
Ne4 15. b4 Bf5 16. Nd2 Nd7 17. Ncxe4 Bxe4 18. Bxe4 dxe4 19. Rec1 Nf6 20. Qc5 a6
21. a4 Qd7 22. Nb3 Qe6 23. Rab1 Nd5 24. Qc4 f5 25. Nc5 Qf7 26. g3 Rec8 27. Kg2
Rc7 28. Qe2 Rcc8 29. Rb2 Rd8 30. b5 cxb5 31. axb5 axb5 32. Qxb5 b6 33. Na4 Ra5
34. Qc6 Ra7 35. Nxb6 Rc7 36. Qxd5 Rxd5 37. Nxd5 Rxc1 38. Rb8+ Qf8 39. Ne7+ Kf7
40. Rxf8+ Kxf8 41. Nxf5 Rc6 42. g4 Rg6 43. h3 Kf7 44. Ng3 Re6 45. g5 g6 46. h4
Re7 47. Kh3 Ke8 48. h5 Kd7 49. Kg4 Ke8 50. h6 Kd8 51. Ne2 Kd7 52. Nc3 Kc6 53.
Kf4 Rf7+ 54. Ke5 Rxf2 55. Ke6 Rf3 56. d5+ 1-0

[Event "AUTO-ELITE-1198"]
[Site "http://www.queenalice.com/game.php?id=1250765"]
[Date "2014.1.24"]
[Round "2"]
[White "makibaque"]
[Black "Chandra"]
[Result "0-1"]
[WhiteElo "2458"]
[BlackElo "2608"]

1. d4 Nf6 2. c4 e6 3. Nc3 Bb4 4. Nf3 Bxc3+ 5. bxc3 b6 6. Bg5 Bb7 7. e3 h6 8. Bh4
g5 9. Bg3 Ne4 10. Bd3 Nxg3 11. hxg3 d6 12. a4 a5 0-1

[Event "AUTO-ELITE-1198"]
[Site "http://www.queenalice.com/game.php?id=1250766"]
[Date "2014.1.24"]
[Round "2"]
[White "Chandra"]
[Black "makibaque"]
[Result "1-0"]
[WhiteElo "2613"]
[BlackElo "2453"]

1. e4 c5 2. Nf3 Nc6 3. d4 cxd4 4. Nxd4 Nf6 5. Nc3 e5 6. Ndb5 d6 7. Nd5 Nxd5 8.
exd5 Ne7 9. c4 Nf5 10. Bd3 Be7 11. O-O O-O 12. f4 a6 13. Nc3 1-0

[Event "AUTO-ELITE-1198"]
[Site "http://www.queenalice.com/game.php?id=1250769"]
[Date "2014.1.24"]
[Round "2"]
[White "Chandra"]
[Black "FabioDavid"]
[Result "1/2-1/2"]
[WhiteElo "2610"]
[BlackElo "2499"]

1. e4 e5 2. Nf3 Nc6 3. c3 d5 4. Qa4 Bd7 5. exd5 Nd4 6. Qd1 Nxf3+ 7. Qxf3 Nf6 8.
Bc4 e4 9. Qe2 Bd6 10. d4 O-O 11. h3 Re8 12. Bb3 b5 13. c4 bxc4 14. Bxc4 h6 15.
Nc3 Qc8 16. Ba6 Qb8 17. O-O Qb6 18. Rd1 Bb4 19. Bc4 Bxc3 20. bxc3 Qd6 21. Rb1 a5
22. Be3 Rab8 23. Rxb8 Rxb8 24. Bd2 a4 25. Qe1 Bb5 26. Bxb5 Rxb5 27. c4 Rb2 28.
a3 Rb3 29. Bb4 Qf4 30. Qe2 g5 31. Qc2 g4 32. Qc1 e3 33. fxe3 Qe4 34. Re1 1/2-1/2

[Event "AUTO-ELITE-1198"]
[Site "http://www.queenalice.com/game.php?id=1250770"]
[Date "2014.1.24"]
[Round "2"]
[White "FabioDavid"]
[Black "Chandra"]
[Result "0-1"]
[WhiteElo "2518"]
[BlackElo "2604"]

1. e4 e6 2. Qe2 Nc6 3. Nf3 e5 4. c3 Be7 5. d3 d5 6. g3 Nf6 7. Bg2 O-O 8. Nbd2
Bg4 9. h3 Bh5 10. O-O a6 11. exd5 Nxd5 12. Nc4 f6 13. Ne3 Bf7 14. Nf5 Re8 15.
Nd2 Bf8 16. Ne4 Qd7 17. Qg4 Kh8 18. Ne3 Be6 19. Qh5 Nxe3 20. Bxe3 Qxd3 21. Rfd1
Qb5 22. Nd2 f5 23. Nf3 g6 24. Qh4 e4 25. Bf1 Qxb2 26. Ng5 Bg8 27. Bc4 Re7 28.
Bc5 Rae8 29. Bxe7 Rxe7 30. Bxg8 Kxg8 0-1

[Event "II Open de Gaia"]
[Site "http://www.queenalice.com/game.php?id=1263023"]
[Date "2014.3.7"]
[Round "3"]
[White "cro_kramnik"]
[Black "Chandra"]
[Result "1-0"]
[WhiteElo "2614"]
[BlackElo "2617"]

1. d4 Nf6 2. c4 e6 3. Nc3 Bb4 4. Qc2 O-O 5. a3 Bxc3+ 6. Qxc3 b6 7. Bg5 h6 8. Bh4
Bb7 9. f3 d5 10. e3 Nbd7 11. cxd5 exd5 12. Bd3 Qc8 13. Bf5 Qe8 14. Ne2 g6 15.
Bxd7 Nxd7 16. Qxc7 Ba6 17. Qc1 f5 18. Nc3 Bc4 19. Kf2 g5 20. Bg3 Qf7 21. Re1 f4
22. exf4 gxf4 23. Bh4 Qh5 24. Be7 Rf7 25. Kg1 Kh8 26. Bd6 Rg8 27. Bxf4 Qxf3 28.
Bg3 Qf6 29. Qd1 Rgf8 30. b3 Bxb3 31. Qxb3 Qxd4+ 32. Kh1 Qe3 33. Red1 Qd3 34. Rg1
d4 35. Bd6 Nc5 36. Qd5 dxc3 37. Qe5+ Kh7 38. Bxf8 Rxf8 39. Qe7+ Kg8 40. Rae1 Rf7
41. Qh4 Kg7 42. Re8 Qg6 43. Qc4 c2 44. Qc3+ Qf6 45. Qxc2 Ne6 46. Qc4 Nf8 47. Re3
Ng6 48. Rf3 Ne5 49. Qc8 Qd6 50. Rxf7+ Nxf7 51. Qg4+ 1-0

[Event "sical-2"]
[Site "http://www.queenalice.com/game.php?id=1271721"]
[Date "2014.4.10"]
[Round "5"]
[White "Chandra"]
[Black "RenverKestak"]
[Result "1/2-1/2"]
[WhiteElo "2618"]
[BlackElo "2583"]

1. e4 Nf6 2. e5 Nd5 3. c4 Nb6 4. d4 d6 5. f4 dxe5 6. fxe5 Nc6 7. Be3 Bf5 8. Nc3
e6 9. Nf3 Nb4 10. Rc1 c5 11. Be2 cxd4 12. Nxd4 Bg6 13. a3 Nc6 14. Nxc6 bxc6 15.
Qxd8+ Kxd8 16. Bxb6+ axb6 17. Bf3 Rc8 18. Na4 Kc7 1/2-1/2

[Event "sergiogvh-2"]
[Site "http://www.queenalice.com/game.php?id=1273029"]
[Date "2014.4.14"]
[Round "5"]
[White "Conde7"]
[Black "Chandra"]
[Result "1/2-1/2"]
[WhiteElo "2781"]
[BlackElo "2608"]

1. a3 d5 2. d4 c5 3. dxc5 e6 4. b4 Nf6 5. Bf4 Nc6 6. Nd2 Nh5 7. e3 Nxf4 8. exf4
a5 9. Rb1 Qc7 10. g3 g6 11. Bg2 Bg7 12. Ne2 O-O 13. O-O axb4 14. axb4 Rd8 15.
Re1 Bd7 16. Qc1 Be8 17. Nf3 Na7 18. Ned4 b6 19. c4 bxc5 20. cxd5 Rac8 21. bxc5
Rxd5 22. Nb3 Rdd8 23. Ne5 Nc6 24. Nxc6 Bxc6 25. Bxc6 Qxc6 26. Rd1 Rxd1+ 27. Qxd1
Bf6 28. Rc1 Kg7 29. Nd2 Qd5 30. Qc2 Be7 31. c6 g5 32. Ne4 gxf4 33. Qb2+ e5 34.
Qb7 Re8 35. Qa6 Qxe4 36. c7 h5 37. c8=Q Rxc8 38. Qxc8 Bg5 39. Qc4 Qxc4 40. Rxc4
fxg3 41. hxg3 f5 42. f4 Bf6 43. Rc5 exf4 44. Rc7+ Kg6 45. gxf4 Bd4+ 46. Kg2 Be3
47. Rc6+ Kg7 48. Kf3 Bd4 49. Rd6 Bf6 50. Kg2 h4 51. Rd7+ Kg6 52. Kh3 Kh5 53. Rb7
Kg6 54. Rc7 1/2-1/2

[Event "II Open de Gaia"]
[Site "http://www.queenalice.com/game.php?id=1304027"]
[Date "2014.8.25"]
[Round "4"]
[White "Chandra"]
[Black "gbsalvio"]
[Result "1-0"]
[WhiteElo "2609"]
[BlackElo "2620"]

1. c4 b6 2. d4 Bb7 3. Nc3 e6 4. e4 Bb4 5. f3 Nc6 6. Ne2 Qh4+ 7. g3 Qf6 8. Kf2
Bxc3 9. bxc3 e5 10. c5 bxc5 11. d5 Nd8 12. Be3 d6 13. h4 Qe7 14. g4 Bc8 15. Ng3
Bd7 16. Rb1 a6 17. Bd3 h6 18. Rb2 f6 19. h5 Qf7 20. Qb1 Bc8 21. Rb8 Rxb8 22.
Qxb8 Qd7 23. Nf5 Kf8 24. Rb1 Ne7 25. Qa8 1-0

[Event "II Open de Gaia"]
[Site "http://www.queenalice.com/game.php?id=1335668"]
[Date "2015.1.19"]
[Round "5"]
[White "Chandra"]
[Black "RenverKestak"]
[Result "1/2-1/2"]
[WhiteElo "2608"]
[BlackElo "2623"]

1. b3 e5 2. e3 Nc6 3. Bb2 Nf6 4. Nf3 e4 5. Nd4 Nxd4 6. Bxd4 Be7 7. c4 O-O 8. Qc2
c5 9. Bb2 d5 10. Nc3 Bf5 11. cxd5 Nxd5 1/2-1/2

[Event "kasker-3"]
[Site "http://www.queenalice.com/game.php?id=1336448"]
[Date "2015.1.22"]
[Round "1"]
[White "Kuarwaki"]
[Black "Chandra"]
[Result "1-0"]
[WhiteElo "2588"]
[BlackElo "2617"]

1. e4 c5 2. Nf3 d6 3. d4 cxd4 4. Nxd4 Nf6 5. Nc3 a6 6. Be3 e5 7. Nb3 Be6 8. Be2
Nbd7 9. f4 exf4 10. Bxf4 Ne5 11. Qd4 Be7 12. O-O-O Qc7 13. Qb4 b5 14. Nd4 O-O
15. Kb1 Kh8 16. Nxe6 fxe6 17. Qb3 Nfg4 18. Bxe5 Nxe5 19. Qxe6 Rf6 20. Qh3 Rc8
21. Rd2 Qc5 22. Nd5 Rf7 23. Qg3 Bf6 24. Rhd1 Rcf8 25. a3 Bd8 26. Nb4 Be7 27.
Nxa6 Qc6 28. Nb4 Qxe4 29. Nd5 Bh4 30. Nc3 Bxg3 31. Nxe4 Bxh2 32. Bxb5 Re7 33.
Nxd6 1-0

[Event "kasker-3"]
[Site "http://www.queenalice.com/game.php?id=1377681"]
[Date "2015.8.15"]
[Round "2"]
[White "Chandra"]
[Black "kasker"]
[Result "1-0"]
[WhiteElo "2611"]
[BlackElo "2510"]

1. e4 c5 2. Nf3 a6 3. c3 d5 4. exd5 Qxd5 5. Be2 Nf6 6. O-O e6 7. d4 cxd4 8. cxd4
Nc6 9. Nc3 Qd6 10. Bg5 Be7 11. Bxf6 Bxf6 12. Ne4 Qf4 13. Nxf6+ Qxf6 14. Rc1 O-O
15. Qb3 h6 16. Rfd1 Rd8 17. Qb6 1-0

[Event "Sidinei-2"]
[Site "http://www.queenalice.com/game.php?id=1388554"]
[Date "2015.10.10"]
[Round "1"]
[White "Chandra"]
[Black "fontaine"]
[Result "1/2-1/2"]
[WhiteElo "2617"]
[BlackElo "2678"]

1. e4 c6 2. d4 d5 3. Nc3 dxe4 4. Nxe4 Nd7 5. Bd3 Ngf6 6. Nxf6+ Nxf6 7. c3 Qd5 8.
Nf3 Bg4 9. Be2 e6 10. O-O Bd6 11. h3 Bh5 12. c4 Qa5 13. Nh4 Bxe2 14. Qxe2 Qh5
1/2-1/2

[Event "Sidinei-2"]
[Site "http://www.queenalice.com/game.php?id=1425403"]
[Date "2016.5.30"]
[Round "2"]
[White "Cuxtal"]
[Black "Chandra"]
[Result "1/2-1/2"]
[WhiteElo "2646"]
[BlackElo "2618"]

1. e4 e5 2. Nf3 d6 3. d4 Nd7 4. Bc4 c6 5. c3 Qc7 6. a4 h6 7. O-O Ngf6 8. dxe5
dxe5 9. Qc2 a5 10. Nbd2 Bd6 11. h3 O-O 1/2-1/2

[Event "kasker-3"]
[Site "http://www.queenalice.com/game.php?id=1440473"]
[Date "2016.9.10"]
[Round "3"]
[White "shogun"]
[Black "Chandra"]
[Result "1/2-1/2"]
[WhiteElo "2545"]
[BlackElo "2619"]

1. e4 e5 2. Nf3 Nc6 3. Bb5 a6 4. Ba4 Nf6 5. O-O Be7 6. Re1 b5 7. Bb3 O-O 8. c3
d5 9. exd5 Nxd5 10. Nxe5 Nxe5 11. Rxe5 c6 12. d4 Bd6 13. Re1 Qh4 14. g3 Qh3 15.
Qf3 Bg4 16. Qg2 Qh5 17. Be3 a5 18. Nd2 a4 19. Bxd5 cxd5 20. Bf4 Bh3 21. Qf3 Qxf3
22. Nxf3 Bxf4 23. gxf4 a3 24. b3 Ra6 25. Ne5 Rc8 1/2-1/2

[Event "kasker-3"]
[Site "http://www.queenalice.com/game.php?id=1460812"]
[Date "2017.1.22"]
[Round "4"]
[White "Chandra"]
[Black "biscuter"]
[Result "1-0"]
[WhiteElo "2618"]
[BlackElo "2594"]

1. d4 Nf6 2. c4 g6 3. Nc3 Bg7 4. e4 d6 5. Bg5 h6 6. Bd2 O-O 7. Bd3 Nc6 8. Nge2
e5 9. d5 Ne7 10. f3 c6 11. Be3 b5 12. dxc6 bxc4 13. Bxc4 Nxc6 14. O-O Na5 15.
Bd3 Be6 16. Qa4 Nb7 17. Bc4 Qe7 18. Rfd1 Nc5 19. Bxc5 dxc5 20. Bxe6 Qxe6 21. Nb5
Qe7 22. Nec3 Rfd8 23. Rxd8+ Rxd8 24. Qxa7 Rd7 25. Qa5 c4 26. Na3 Ra7 27. Qb6 Rb7
28. Qf2 Qb4 29. Rb1 Bf8 30. Qe2 Bc5+ 31. Kf1 Bd4 32. Nd1 Rc7 33. Rc1 c3 34. Nb1
1-0

[Event "Sidinei-2"]
[Site "http://www.queenalice.com/game.php?id=1469863"]
[Date "2017.3.21"]
[Round "3"]
[White "Chandra"]
[Black "RenverKestak"]
[Result "1/2-1/2"]
[WhiteElo "2618"]
[BlackElo "2637"]

1. e4 e5 2. Nf3 d6 3. d4 exd4 4. Nxd4 Be7 5. Nc3 Nc6 6. Bb5 Bd7 7. Be3 Nf6 8.
Nxc6 bxc6 9. Be2 O-O 10. O-O Re8 11. Re1 1/2-1/2

[Event "kasker-3"]
[Site "http://www.queenalice.com/game.php?id=1479127"]
[Date "2017.5.21"]
[Round "5"]
[White "edsDr23"]
[Black "Chandra"]
[Result "0-1"]
[WhiteElo "2552"]
[BlackElo "2626"]

1. d4 Nf6 2. c4 e6 3. Nf3 b6 4. g3 Bb7 5. Bg2 Be7 6. O-O O-O 7. Nc3 Ne4 8. Qc2
Nxc3 9. Qxc3 c5 10. Rd1 Bf6 0-1